00670nam a22002297a 45000010005000000030006000050050017000110080041000280200018000690400029000870500012001161000028001282450033001562600047001893000049002364900027002855050008003125200039003205210030003595210020003896500031004093799FISKH20250826091239.0240508b cb ||||| |||| 00| 0 eng d a9781740898102 aFISKHbengcFISKHdFISKH a910.911 aCoupe, Robert eauthor  aLife on ice /cRobert Coupe  aSydney : bWeldon Owen Publishing ; c2008 a32 pages : bcolor illustrations ;c24 cm .  a Top Readers (Stage 3) aO  aDepicts life at the polar regions.8 a640 bLexile estimate 8 aO bRaz-Plus  aPolar bears vNon-fiction